LDR 00702naa#a2200157#i#450# 001 EN\\bibl\20143 005 20260629014319.1 100 ## _a20260625b2026####ek#y0engy0150####ca 102 ## _aRU 200 1# _aEducational Activities at an Engineering University: Challenges and Solutions _eConference article/thesis 210 1# _aSaint-Petersburg _cFSBEI HE "Emperor Alexander I St. Petersburg State Transport University" _d2026 215 ## _a5 с. 608 ## _aConference article/thesis _2local 675 ## _aОрганизация высшего образования. Организация работы высшего учебного заведения. 378.1 _z 700 #1 _aSaidova _gAlina Viktorovna 856 4# _aitt-pgups.ru _u